000 00563nam a2200229Ia 4500
003 OSt
005 20221005125948.0
006 a|||||r|||| 00| 0
007 ta
008 221004b |||||||| |||| 00| 0 eng d
024 _a57884
037 _cTextual
040 _aCRL
_cCRL
_beng
041 _2eng
_aeng
082 _aV2:2:K5, H1-;3
100 _aSaran P
245 0 _aProvincial government of the Mughals 1526-1658
260 _c1941
650 _aHISTORY
942 _hV2:2:K5, H1-;3
_cTEXL
_2cc
999 _c1055636
_d1055636